Click European Islands on the Map - Hard - Statistics

General Stats
  • This quiz has been taken 111 times
  • The average score is 20 of 25
Answers on the Map
Answers color-coded by a green-red scale on the quiz's map according to % correct below.
 
Answer Stats
Answer % Correct
Iceland
95%
Ireland
95%
Malta
95%
Great Britain
94%
Sicily
94%
Crete
92%
Mallorca
92%
Sardinia
89%
Isle of Man
87%
Corsica
85%
Saaremaa
79%
Jersey
77%
Zealand
76%
Lesbos
75%
Åland
74%
Euboea
74%
Lewis and Harris
73%
Rhodes
73%
Chios
70%
Gotland
70%
Elba
65%
Corfu
64%
Lendsyssel
64%
Funen
60%
Öland
56%
No matching quizzes found
Score Distribution
Percent of People with Each Score
Percentile by Number Answered
Your Score History
You have not taken this quiz